• 首页
  • 本馆介绍
  • 公告通知
  • 最新文献
  • 馆藏检索
  • 电子资源
  • 读者导购
  • 参考咨询
  • 我的图书馆
  • 登录
  • 详细信息显示
  • 放入我的书架
  • 预约/预借图书
  • 作者相关作品
  • 分类相关作品
  • 丛书相关作品
  • 出版社相关作品

书目信息

  • 表格格式
  • 工作单格式
  • 卡片格式
题名:
VxWorks BSP开发人员指南
    
 
作者: ;杨锡劢 , 王金刚 , 苏琪 译 ;风河公司 著
分册:  
出版信息: 北京   清华大学出版社  2003
页数: 335页
开本: 26cm
丛书名: VxWorks 开发人员指南丛书
单 册:
中图分类: TP316.2
科图分类:
主题词: 实时操作系统,VxWorks--指南
电子资源:
ISBN: 7-302-06895-X
000 00824nam2 2200253 45
001 0406060968
005 20040607082628.5
010    @a7-302-06895-X@dCNY30.00
100    @a20040606d2003 km y0chiy0120 ea
101 0  @achi@ceng
105    @a z 000yy
200 1  @aVxWorks BSP开发人员指南@AVxWorks BSP Kai Fa Ren Yuan Zhi Nan@f(美)Wind River著@F(Mei)Wind River Zhu@g王金刚,苏琪,杨锡劢译
210    @a北京@c清华大学出版社@d2003
215    @a335页@d26cm
225    @aVxWorks 开发人员指南丛书
410    @12001 @aVxWorks 开发人员指南丛书
606 0  @a实时操作系统,VxWorks@x指南
690    @aTP316.2@v4
702  0 @a杨锡劢@AYang Xi Mai@4译
702  0 @a王金刚@AWang Jin Gang@4译
702  0 @a苏琪@ASu Qi@4译
711 02 @a风河公司@4著
801    @aCN@bTSTCL@c20040606
905    @b335057-061@dTP316.2@e727@f5
    
    VxWorks BSP开发人员指南/(美)Wind River著/王金刚,苏琪,杨锡劢译.-北京:清华大学出版社,2003
    335页;26cm.-(VxWorks 开发人员指南丛书)
    
    
    ISBN 7-302-06895-X:CNY30.00
    
●
相关链接 在E读中查询图书 在五车中查询图书 在当当中查询图书 在豆瓣中查询图书


正题名:VxWorks BSP开发人员指南     索取号:TP316.2/727         预约/预借

序号 登录号 条形码 馆藏地/架位号 状态 备注
1 0335057   203350578   第三借阅区/ [索取号:TP316.2/727] 在馆    
2 0335058   203350587   第三借阅区/ [索取号:TP316.2/727] 在馆    
3 0335059   203350596   第三借阅区/ [索取号:TP316.2/727] 在馆    
4 0335060   203350603   第三借阅区/ [索取号:TP316.2/727] 在馆    
5 0335061   203350612   第二样本阅览室/ [索取号:TP316.2/727] 在馆    
唐山师范学院图书馆 欢迎您!
大连网信软件有限公司© 版权所有